L'irrigation (Record no. 37038)

MARC details
000 -LEADER
campo de control de longitud fija 00680nam a2200181 i 4500
001 - NÚMERO DE CONTROL
campo de control 37038
003 - IDENTIFICADOR DE NÚMERO DE CONTROL
campo de control ES-MaACL
005 - FECHA Y HORA DE LA ÚLTIMA TRANSACCIÓN
campo de control 20230906155506.0
007 - CAMPO FIJO DE DESCRIPCIÓN FÍSICA--INFORMACIÓN GENERAL
campo de control de longitud fija t|
008 - DATOS DE LONGITUD FIJA--INFORMACIÓN GENERAL
campo de control de longitud fija 030220s1904 fr ||||1| fre d
100 1# - ENTRADA PRINCIPAL--NOMBRE DE PERSONA
Nombre de persona Brunhes, Jean.
9 (RLIN) 32179
245 12 - MENCIÓN DEL TÍTULO
Título L'irrigation
Resto del título ses conditions géographiques, ses modes et son organisation dans la Péninsule Ibérique et dans l'Afrique du Nord /
Mención de responsabilidad, etc. par Jean Brunhes.
260 ## - PUBLICACIÓN, DISTRIBUCIÓN, ETC.
Lugar de publicación, distribución, etc. Paris :
Nombre del editor, distribuidor, etc. Masson et Cie,
Fecha de publicación, distribución, etc. 1904 (
Lugar de fabricación/manufactura Chartres :
Fabricante Imp. Durand)
300 ## - DESCRIPCIÓN FÍSICA
Extensión XVII, 579 p., [16] h. de plan., 5 pleg. :
Otras características físicas il. ;
Dimensiones 25 cm.
650 #4 - PUNTO DE ACCESO ADICIONAL DE MATERIA--TÉRMINO DE MATERIA
Término de materia o nombre geográfico como elemento de entrada Regadío-
Subdivisión geográfica España.
9 (RLIN) 145279
650 #4 - PUNTO DE ACCESO ADICIONAL DE MATERIA--TÉRMINO DE MATERIA
Término de materia o nombre geográfico como elemento de entrada Regadío-
Subdivisión geográfica Africa del Norte.
9 (RLIN) 158643
852 ## - LOCALIZACIÓN
Ubicación ES-MaACL
Número de control de estantería G-5937
Holdings
Estatus retirado Estado de pérdida Estado de daño No para préstamo Biblioteca de origen Biblioteca actual Ubicación en estantería Fecha de adquisición Fuente de adquisición Total de préstamos Signatura topográfica completa Código de barras Visto por última vez Precio de reemplazo Tipo de ítem Koha
        Biblioteca del Ateneo de Madrid Biblioteca del Ateneo de Madrid Depósito 2 17/01/2008     G-5937 1038967 23/02/2023 23/02/2023 Libro impreso